000 00577nam a2200205 a 4500
003 PILC
005 20150112093438.0
008 100716s19uu xx 00 eng d
020 _a0538432535
050 _aHF 5691
_b.Sch81 2003
082 _aMSF 519.8
_bSc8 2003
100 _aSchultheis, Robert A.
_917119
245 _aBusiness math /
250 _a15th ed.
260 _aMason, Ohio :
_bSouth-Western: Thomson Learning,
_c2003.
300 _a656 pages :
_c30 cm.
650 _aBusiness Mathematics
_913054
700 _aKaczmarski, Raymond M.
_917120
942 _2lcc
_cBK
999 _c14657
_d14657